Top 50 FX Series (IMDB) - Statistics

General Stats
  • This quiz has been taken 56 times
    5 since last reset
  • The average score is 9 of 52
Answer Stats
Series Year(s) IMDB % Correct
Archer 2009-2023 8.6
60%
Atlanta 2016-2022 8.6
60%
It's Always Sunny in Philadelphia 2005-Present 8.8
60%
Louie 2010-2015 8.5
60%
The Americans 2013-2018 8.4
60%
American Crime Story 2016-Present 8.4
40%
American Horror Story 2011-2026 7.9
40%
Better Things 2016-2022 7.9
40%
Fargo 2014-2024 8.8
40%
POSE 2018-2021 8.6
40%
Snowfall 2017-2023 8.5
40%
The Shield 2002-2008 8.7
40%
You're the Worst 2014-2019 8.1
40%
Damages 2007-2010 8.1
20%
Feud 2017-2024 8.3
20%
Justified 2010-2015 8.6
20%
Legion 2017-2019 8.1
20%
Nip/Tuck 2003-2010 7.7
20%
Over There 2005 7.8
20%
Pistol 2022 7.6
20%
Rescue Me 2004-2011 8.3
20%
Reservation Dogs 2021-2023 8.3
20%
Shōgun 2024-2026 8.6
20%
Sons of Anarchy 2008-2014 8.5
20%
Terriers 2010 8.3
20%
The Bear 2022-Present 8.5
20%
The League 2009-2015 8.3
20%
What We Do in the Shadows 2019-2024 8.5
20%
Wilfred 2011-2014 7.8
20%
Adults 2025-Present 7.4
0%
Baskets 2016-2019 7.6
0%
Breeders 2020-2023 7.6
0%
DAVE 2020-2023 8.2
0%
Dear Mama 2023 8.6
0%
Devs 2020 7.6
0%
English Teacher 2024-2025 7.4
0%
Fosse/Verdon 2019 7.9
0%
Legit 2013-2014 8.1
0%
Lights Out 2011 8.0
0%
Man Seeking Woman 2015-2017 7.8
0%
Mayans M.C. 2018-2023 7.5
0%
Mr Inbetween 2018-2021 8.7
0%
Mrs. America 2020 7.8
0%
Taboo 2017 8.3
0%
The Bridge 2013-2014 7.6
0%
The Old Man 2022-2024 7.5
0%
The Riches 2007-2008 7.8
0%
Thief 2006 7.4
0%
Trust 2018 7.5
0%
Tyrant 2014-2016 7.7
0%
Under the Banner of Heaven 2022 7.5
0%
Welcome to Wrexham 2022-Present 8.3
0%
No matching quizzes found
Score Distribution
Percent of People with Each Score
Percentile by Number Answered
Your Score History
You have not taken this quiz since the last reset